000 00689cam a2200217 a 4500
003 CO-ViMGA
005 20230915232205.0
008 981005r20011997ck a r 00011 spa d
020 _a9789583002755
040 _aCO-ViMGA
_bspa
_cCO-ViMGA
043 _as-ck---
082 0 4 _aI863.6
_bN45n
_215 ed.
100 1 _aNiño, Jairo Aníbal,
_d1941-2010
_91117
245 1 3 _aEl nido más bello del mundo /
_cJairo Aníbal Niño.
250 _a2a. ed. /
260 _aSanta Fe de Bogotá :
_bPanamericana Editorial,
_c1997.
300 _a79 p. :
_bil. ;
_c18 cm.
650 6 _aNovela juvenil colombiana.
_91618
700 1 _aSilva Rincón, Gabriel,
_d1955-,
_eed.
_91619
942 _2ddc
_cBK
999 _c2930
_d2930